000
00292nam a22001337a 4500
008
170426b xxu||||| |||| 00| 0 eng d
020
_a
9780534389994
041
_a
eng
080
_2
6TH
_a
547
100
_a
12
101
_a
SHM
245
_a
ORGANIC CHEMISTRY
_c
MCMURRY, J
942
_2
udc
_c
BK
999
_c
12070
_d
12070